|
|
|
|
| LEADER |
00976nab a2200217 i 4500 |
| 001 |
misc28045 |
| 005 |
20191111110247.0 |
| 008 |
170930s1990 hu o 0|| zxx d |
| 040 |
|
|
|a SZTE Miscellanea Repozitórium
|b hun
|
| 041 |
|
|
|a zxx
|
| 100 |
1 |
|
|a Sohár Pál
|
| 245 |
1 |
0 |
|a Structure determination of a norbornane-norbornene-fused pentacyclic isoxazoline by NMR spectroscopy
|h [elektronikus dokumentum] /
|c Sohár Pál
|
| 260 |
|
|
|c 1990
|
| 300 |
|
|
|a 1, [1]
|
| 490 |
0 |
|
|a Kolligátum
|
| 695 |
|
|
|a Heterociklusos vegyületek - szintézis - előadáskivonat, Szerves kémia - reakciómechanizmus - előadáskivonat, Sztereokémia - előadáskivonat, Mágneses magrezonancia - színképelemzés - előadáskivonat
|
| 700 |
0 |
1 |
|a Kövesdi István
|e aut
|
| 700 |
0 |
1 |
|a Stájer Géza
|e aut
|
| 700 |
0 |
1 |
|a Bernáth Gábor
|e aut
|
| 710 |
|
|
|a Congress Ampere on Magnetic Resonance (25.) (1990) (Stuttgart)
|
| 856 |
4 |
0 |
|u http://misc.bibl.u-szeged.hu/28045/1/018_019_637-638.pdf
|z Dokumentum-elérés
|